000 00844cab a2200265 4500
001 ABS47066
008 090401t1992 xxu||||| |||| 00| 0 eng d
035 _a(Sirsi) u60669
041 _aeng
100 _aMoor, N.
245 _aInfill loses to new development
260 _c1992
350 _a0
490 _aBuilding
_v257(7760) 4 September 1992, 39(1)
520 _aSummarises current policies to build affordable housing in rural areas looking at Planning Policy Guidance Note 3, moves by the Town and Country Planning Association and the work of the Urban Villages Group.
650 _aCOUNTRYSIDE PROPERTIES
650 _aGOVERNMENT POLICY
650 _aNEW SETTLEMENTS
650 _aPLANNING CONTROL
650 _aRURAL ECONOMY
690 _aHOUSING
690 _aRURAL PRACTICE
942 _n0
948 _c04/03/1997
999 _c37470
_d37470